[Event "GER-chT U16"]
[Site "Magdeburg"]
[Date "2023.12.30"]
[Round "7.9"]
[White "Buerger, Theodor"]
[Black "Widmann, Maximilian"]
[Result "1-0"]
[WhiteElo "1514"]
[BlackElo "1611"]
[PlyCount "147"]
[EventDate "2023.12.26"]
[EventType "team-swiss"]
[EventRounds "7"]
[EventCountry "GER"]
[SourceTitle "CB03_2024"]
[SourceDate "2024.01.17"]
[SourceVersion "1"]
[SourceVersionDate "2024.01.17"]
[SourceQuality "1"]
[WhiteTeam "Regensburg Bavaria"]
[BlackTeam "Leipzig VfB"]
[WhiteTeamCountry "GER"]
[BlackTeamCountry "GER"]

1. e4 c6 2. d4 d5 3. exd5 cxd5 4. Bd3 Nc6 5. c3 Nf6 6. h3 Qc7 7. Nf3 e6 8. 0-0 h6 9. Re1 Bd6 10. Be3 0-0 11. Nbd2 b6 12. Nb3 Bb7 13. Rc1 Rac8 14. Rc2 e5 15. dxe5 Nxe5 16. Nxe5 Bxe5 17. Nd4 Bxd4 18. Bxd4 Qd6 19. Qf3 Ne4 20. Qf5 Qe6 21. Qf4 g5 22. Qc1 Qd7 23. f3 Nc5 24. Bf1 Rce8 25. Rd1 Re6 26. b4 Na6 27. Bd3 f5 28. Rf2 f4 29. Qc2 Qf7 30. a4 Nc7 31. c4 Re7 32. Bg6 Qe6 33. Re2 Qd7 34. Bh5 Ne6 35. Bb2 d4 36. Qg6+ Ng7 37. Rxe7 Qxe7 38. Bxd4 Rd8 39. Kf1 Bc8 40. Qxh6 Be6 41. Kg1 Bxc4 42. Kh2 Rxd4 43. Rxd4 Nxh5 44. Rxc4 Ng7 45. Qg6 Kf8 46. Rc8+ Ne8 47. Qh6+ Kg8 48. Rxe8+ Qxe8 49. Qxg5+ Kh7 50. b5 Qf8 51. h4 Qb4 52. Qf5+ Kh6 53. Qf6+ Kh7 54. Qf7+ Kh8 55. Qxa7 Qd6 56. Qa8+ Kh7 57. Qe4+ Kg7 58. Kh3 Qd7+ 59. g4 Qd1 60. Qb7+ Kg8 61. g5 Qg1 62. Qb8+ Kg7 63. Qxf4 Qf1+ 64. Kg4 Qg1+ 65. Kh5 Qc5 66. Qf6+ Kg8 67. Kg6 Qc7 68. Kh5 Qc5 69. Kh6 Qc7 70. g6 Qc1+ 71. f4 Qc7 72. Qf7+ Qxf7 73. gxf7+ Kxf7 74. a5 1-0

[Event "GER-chT U16"]
[Site "Darmstadt"]
[Date "2022.12.30"]
[Round "7"]
[White "Gering, Jakob"]
[Black "Widmann, Maximilian"]
[Result "0-1"]
[WhiteElo "1539"]
[BlackElo "1582"]
[PlyCount "72"]
[EventDate "2022.12.26"]
[EventType "team-swiss"]
[EventRounds "7"]
[EventCountry "GER"]
[SourceTitle "CBM 212 Extra"]
[Source "ChessBase"]
[SourceDate "2023.03.31"]
[SourceVersion "1"]
[SourceVersionDate "2023.03.31"]
[SourceQuality "1"]
[WhiteTeam "Paderborn Akademie"]
[BlackTeam "Leipzig VfB"]
[WhiteTeamCountry "GER"]
[BlackTeamCountry "GER"]

1. d4 d5 2. c4 c6 3. Nf3 Nf6 4. e3 e6 5. Nbd2 Nbd7 6. Bd3 Be7 7. 0-0 0-0 8. e4 dxe4 9. Nxe4 b6 10. Qa4 Bb7 11. Nxf6+ Nxf6 12. Rd1 Qc8 13. b4 Rd8 14. c5 b5 15. Qc2 g6 16. Bg5 Nd5 17. Bxe7 Nxe7 18. Qd2 Kg7 19. h4 Nd5 20. h5 Re8 21. Ne5 Qd8 22. Ng4 g5 23. h6+ Kh8 24. Qe1 Qc7 25. Ne5 f5 26. a3 Rad8 27. g3 Qe7 28. Be2 g4 29. Qd2 Rf8 30. Kg2 Qf6 31. Rh1 Ne7 32. Rh5 Qxe5 33. Bxg4 Qxd4 34. Qe2 Qxa1 35. Qxe6 Qf6 36. Qxf6+ Rxf6 0-1

[Event "GER-chT U16"]
[Site "Darmstadt"]
[Date "2022.12.28"]
[Round "4"]
[White "Widmann, Maximilian"]
[Black "Pohle, Saskia"]
[Result "1/2-1/2"]
[WhiteElo "1582"]
[BlackElo "1678"]
[PlyCount "68"]
[EventDate "2022.12.26"]
[EventType "team-swiss"]
[EventRounds "7"]
[EventCountry "GER"]
[SourceTitle "CBM 212 Extra"]
[Source "ChessBase"]
[SourceDate "2023.03.31"]
[SourceVersion "1"]
[SourceVersionDate "2023.03.31"]
[SourceQuality "1"]
[WhiteTeam "Leipzig VfB"]
[BlackTeam "Magdeburg Schachzwerge"]
[WhiteTeamCountry "GER"]
[BlackTeamCountry "GER"]

1. Nf3 Nf6 2. c4 e6 3. Nc3 d5 4. d4 Be7 5. g3 0-0 6. cxd5 Nxd5 7. e4 Nxc3 8. bxc3 b6 9. Bg2 Ba6 10. Be3 Nd7 11. Qa4 Qc8 12. Nd2 c5 13. d5 Ne5 14. c4 Nd3+ 15. Ke2 Ne5 16. f4 Nxc4 17. Nxc4 exd5 18. exd5 b5 19. Qa3 bxc4 20. d6 Bf6 21. Bxa8 Bxa1 22. Bf3 Bb2 23. Qxc5 c3+ 24. Kf2 c2 25. Qxc8 Rxc8 26. Bc1 Bd4+ 27. Ke1 Bc3+ 28. Kf2 Bb4 29. d7 Rd8 30. Bc6 Bc4 31. a3 Bc5+ 32. Be3 Bxe3+ 33. Kxe3 Be6 34. Rc1 Bxd7 1/2-1/2

[Event "GER-chT U14"]
[Site "Willingen"]
[Date "2022.08.15"]
[Round "5.5"]
[White "Grozea, Nicolae Theodor"]
[Black "Widmann, Maximilian"]
[Result "1-0"]
[WhiteElo "1467"]
[BlackElo "1573"]
[PlyCount "87"]
[EventDate "2022.08.13"]
[EventType "team-swiss"]
[EventRounds "7"]
[EventCountry "GER"]
[SourceTitle "EXT 2023"]
[Source "ChessBase"]
[SourceDate "2022.10.05"]
[SourceVersion "1"]
[SourceVersionDate "2022.10.05"]
[SourceQuality "1"]
[WhiteTeam "Oberschoeneweide"]
[BlackTeam "Leipzig VfB"]
[WhiteTeamCountry "GER"]
[BlackTeamCountry "GER"]

1. e4 c6 2. d4 d5 3. e5 Bf5 4. Nf3 c5 5. c3 Nc6 6. a3 e6 7. b4 cxd4 8. cxd4 a6 9. Bd3 Nge7 10. 0-0 Bxd3 11. Qxd3 Nf5 12. Nc3 b5 13. Be3 Be7 14. Nd2 Qb6 15. Nb3 Nxe3 16. Qxe3 a5 17. Nc5 Bxc5 18. bxc5 Qb7 19. f4 0-0 20. f5 exf5 21. Rxf5 Qd7 22. Rg5 h6 23. Rg3 Kh7 24. Nxb5 Ne7 25. Nd6 Ng6 26. Qd3 Kh8 27. Rf1 Rab8 28. Nxf7+ Rxf7 29. Rxf7 Qxf7 30. Qxg6 Qf8 31. Rf3 Qg8 32. Qf7 Rb1+ 33. Kf2 Rb2+ 34. Kg3 Qxf7 35. Rxf7 Kg8 36. Rd7 Rb3+ 37. Kf4 Rxa3 38. Rxd5 Rc3 39. Rd7 a4 40. e6 Kf8 41. Ke5 Rc4 42. Kd5 Rb4 43. c6 Rb5+ 44. Kd6 1-0

[Event "GER-chT U14"]
[Site "Willingen"]
[Date "2022.08.15"]
[Round "6.5"]
[White "Widmann, Maximilian"]
[Black "Martin Fernandez, Felix"]
[Result "1-0"]
[WhiteElo "1573"]
[BlackElo "1026"]
[PlyCount "37"]
[EventDate "2022.08.13"]
[EventType "team-swiss"]
[EventRounds "7"]
[EventCountry "GER"]
[SourceTitle "EXT 2023"]
[Source "ChessBase"]
[SourceDate "2022.10.05"]
[SourceVersion "1"]
[SourceVersionDate "2022.10.05"]
[SourceQuality "1"]
[WhiteTeam "Leipzig VfB"]
[BlackTeam "Erlangen"]
[WhiteTeamCountry "GER"]
[BlackTeamCountry "GER"]

1. Nf3 d5 2. c4 Nf6 3. g3 Nc6 4. cxd5 Nxd5 5. Nc3 Bg4 6. Bg2 Qd7 7. 0-0 g6 8. d3 0-0-0 9. Bd2 Bg7 10. Nxd5 Qxd5 11. Bc3 Bxc3 12. bxc3 Qc5 13. Qb3 f5 14. Rab1 b6 15. d4 Qd6 16. Qb5 Na5 17. Ne5 c5 18. Qa6+ Nb7 19. Qxb7# 1-0

[Event "GER-chT Christmas U16 Steinitz"]
[Site "Playchess.com INT"]
[Date "2020.12.28"]
[Round "2.3"]
[White "Widmann, Maximilian"]
[Black "Rogalski, Niclas"]
[Result "1/2-1/2"]
[WhiteElo "1573"]
[BlackElo "1353"]
[PlyCount "58"]
[EventDate "2020.12.28"]
[EventType "team-swiss (blitz)"]
[EventRounds "7"]
[EventCountry "GER"]
[SourceTitle "CBM 200 Extra"]
[Source "ChessBase"]
[SourceDate "2021.03.31"]
[SourceVersion "1"]
[SourceVersionDate "2021.03.31"]
[SourceQuality "1"]
[WhiteTeam "Leipzig VfB"]
[BlackTeam "Paderborn Blauer Springer"]
[WhiteTeamCountry "GER"]
[BlackTeamCountry "GER"]

1. Nf3 d5 2. g3 Nf6 3. Bg2 e6 4. 0-0 Nc6 5. b3 Bd6 6. Bb2 0-0 7. c4 Re8 8. d3 Bd7 9. Nbd2 Rb8 10. a4 a6 11. Nd4 Nxd4 12. Bxd4 Bb4 13. Bxf6 Qxf6 14. cxd5 exd5 15. Bxd5 Bc6 16. Bxc6 Qxc6 17. Rc1 Qd6 18. Nc4 Qe7 19. Ne3 Rbd8 20. Nc2 Bd6 21. Re1 Qf6 22. Ne3 c6 23. Kg2 Qg6 24. Qc2 Bf4 25. Kh1 Bxe3 26. fxe3 Rxe3 27. Qc5 Rde8 28. Rc2 Qh6 29. Qf5 Rxg3 1/2-1/2

[Event "GER-chT U12"]
[Site "Magdeburg"]
[Date "2019.12.28"]
[Round "4.5"]
[White "Koulouris, Fabian"]
[Black "Widmann, Maximilian"]
[Result "1/2-1/2"]
[WhiteElo "1261"]
[BlackElo "1592"]
[PlyCount "111"]
[EventDate "2019.12.27"]
[EventType "team-swiss"]
[EventRounds "7"]
[EventCountry "GER"]
[SourceTitle "CBM 194 Extra"]
[Source "ChessBase"]
[SourceDate "2020.03.31"]
[SourceVersion "1"]
[SourceVersionDate "2020.03.31"]
[SourceQuality "1"]
[WhiteTeam "Kreuzberg"]
[BlackTeam "Leipzig Gruen Weiss"]
[WhiteTeamCountry "GER"]
[BlackTeamCountry "GER"]

1. e4 c6 2. d4 d5 3. exd5 cxd5 4. Bd3 Nf6 5. Nf3 Bg4 6. Bf4 Nc6 7. c3 e6 8. h3 Bh5 9. Nbd2 Bd6 10. Bg5 h6 11. Bh4 Bxf3 12. Nxf3 Be7 13. Bb5 0-0 14. 0-0 Rc8 15. Bd3 Re8 16. Bg3 Bd6 17. Ne5 Qc7 18. Qe2 Nd7 19. Nxd7 Qxd7 20. Bxd6 Qxd6 21. Bb5 Re7 22. Bxc6 Rxc6 23. Rfe1 Rb6 24. Rad1 Rc7 25. Rd3 Qe7 26. Re3 Qf6 27. Rf3 Qe7 28. Re3 Ra6 29. b3 Rac6 30. Rc1 Qa3 31. Qc2 Qa5 32. f4 Re7 33. g3 Qc7 34. Kf2 Qd7 35. Rce1 g6 36. Qe2 Qd6 37. Rd1 Rec7 38. Rc1 Qa3 39. Qc2 Qd6 40. Qe2 Qd8 41. Rf3 Qf6 42. Qe5 Qxe5 43. fxe5 Ra6 44. Rc2 b5 45. Ke3 b4 46. c4 dxc4 47. bxc4 Ra3+ 48. Ke2 Rxf3 49. Kxf3 Kf8 50. Ke3 Ke7 51. Kd3 Kd7 52. Rb2 a5 53. c5 Kc6 54. Kc4 Rb7 55. Rb3 Rb8 56. Rb2 1/2-1/2

[Event "GER-chT U12"]
[Site "Magdeburg"]
[Date "2019.12.27"]
[Round "2.5"]
[White "Radutny, Alexej"]
[Black "Widmann, Maximilian"]
[Result "0-1"]
[WhiteElo "1045"]
[BlackElo "1592"]
[PlyCount "92"]
[EventDate "2019.12.27"]
[EventType "team-swiss"]
[EventRounds "7"]
[EventCountry "GER"]
[SourceTitle "CBM 194 Extra"]
[Source "ChessBase"]
[SourceDate "2020.03.31"]
[SourceVersion "1"]
[SourceVersionDate "2020.03.31"]
[SourceQuality "1"]
[WhiteTeam "Bad Homburg"]
[BlackTeam "Leipzig Gruen Weiss"]
[WhiteTeamCountry "GER"]
[BlackTeamCountry "GER"]

1. d4 d5 2. c4 c6 3. cxd5 cxd5 4. Bf4 Bf5 5. Nc3 e6 6. e3 Nc6 7. Nf3 Nf6 8. Bb5 Bb4 9. Ne5 Qb6 10. Qa4 Bxc3+ 11. bxc3 Rc8 12. Rb1 Bxb1 13. Qb4 a6 14. Bxc6+ Rxc6 15. Nxc6 Qxc6 16. Qxb1 Qxc3+ 17. Ke2 Qc4+ 18. Kf3 0-0 19. Rc1 Ne4 20. Rc2 h6 21. Rxc4 Nd2+ 22. Ke2 Nxb1 23. Rc1 g5 24. Bg3 b5 25. Rxb1 Rc8 26. Kf3 Rc2 27. a4 bxa4 28. Ra1 Rc4 29. Ra3 Rb4 30. h3 Kg7 31. Bd6 Rc4 32. g3 f6 33. h4 Kg6 34. Ra1 h5 35. Ba3 g4+ 36. Kg2 Kf5 37. Rd1 Ke4 38. Bb2 Rc2 39. Ba3 Ra2 40. Bb4 Rb2 41. Bc3 Rb3 42. Ba1 a3 43. Rf1 a2 44. Rc1 Rb1 45. Rf1 f5 46. f4 Kxe3 0-1

[Event "GER-chT U10"]
[Site "Magdeburg"]
[Date "2016.12.29"]
[Round "7.4"]
[White "Kalina, Emil"]
[Black "Widmann, Maximilian"]
[Result "0-1"]
[WhiteElo "727"]
[BlackElo "785"]
[PlyCount "46"]
[EventDate "2016.12.27"]
[EventType "team-swiss"]
[EventRounds "7"]
[EventCountry "GER"]
[SourceTitle "EXT 2018"]
[Source "ChessBase"]
[SourceDate "2017.10.13"]
[SourceVersion "1"]
[SourceVersionDate "2017.10.13"]
[SourceQuality "1"]
[WhiteTeam "Landskrone"]
[BlackTeam "Leipzig Gruen Weiss II"]
[WhiteTeamCountry "GER"]
[BlackTeamCountry "GER"]

1. e4 e5 2. Nf3 Nc6 3. Bc4 Nf6 4. Ng5 Qe7 5. Nxf7 Rg8 6. 0-0 g5 7. b3 Rg7 8. Bb2 Rxf7 9. Bxf7+ Qxf7 10. b4 Nxb4 11. Bxe5 Qe6 12. Bc3 Qxe4 13. d3 Qf4 14. g3 Qf5 15. g4 Nxg4 16. a3 Nxh2 17. Re1+ Kd8 18. Qe2 c5 19. axb4 cxb4 20. Bxb4 Bxb4 21. c3 Bd6 22. Ra4 Nf3+ 23. Kf1 Qh3# 0-1

[Event "GER-chT U10"]
[Site "Magdeburg"]
[Date "2016.12.28"]
[Round "3.3"]
[White "Widmann, Maximilian"]
[Black "Mueller, Josef1111"]
[Result "1-0"]
[WhiteElo "785"]
[BlackElo "864"]
[PlyCount "49"]
[EventDate "2016.12.27"]
[EventType "team-swiss"]
[EventRounds "7"]
[EventCountry "GER"]
[SourceTitle "EXT 2018"]
[Source "ChessBase"]
[SourceDate "2017.10.13"]
[SourceVersion "1"]
[SourceVersionDate "2017.10.13"]
[SourceQuality "1"]
[WhiteTeam "Leipzig Gruen Weiss II"]
[BlackTeam "Kitzscher"]
[WhiteTeamCountry "GER"]
[BlackTeamCountry "GER"]

1. e4 e5 2. Nf3 Nc6 3. Nc3 Bc5 4. Nxe5 Nxe5 5. d4 Bxd4 6. Qxd4 Nc6 7. Qc4 d6 8. Qb3 Be6 9. Qxb7 Nge7 10. Bg5 f6 11. Be3 Na5 12. Qb5+ Bd7 13. Qxa5 Nc6 14. Qa4 Ne5 15. Qa3 Qb8 16. f4 Ng4 17. Bf2 Qb7 18. Be2 Nh6 19. Bf3 c6 20. Qxd6 Qxb2 21. 0-0 Qxc3 22. Bc5 0-0-0 23. Rab1 Qxc5+ 24. Qxc5 Be6 25. Qxc6# 1-0

[Event "GER-chT U10"]
[Site "Magdeburg"]
[Date "2016.12.27"]
[Round "2.4"]
[White "Widmann, Maximilian"]
[Black "Tietz, Daniel"]
[Result "1-0"]
[WhiteElo "785"]
[BlackElo "742"]
[PlyCount "61"]
[EventDate "2016.12.27"]
[EventType "team-swiss"]
[EventRounds "7"]
[EventCountry "GER"]
[SourceTitle "EXT 2018"]
[Source "ChessBase"]
[SourceDate "2017.10.13"]
[SourceVersion "1"]
[SourceVersionDate "2017.10.13"]
[SourceQuality "1"]
[WhiteTeam "Leipzig Gruen Weiss II"]
[BlackTeam "Heng Postbauer"]
[WhiteTeamCountry "GER"]
[BlackTeamCountry "GER"]

1. d4 Nf6 2. Nc3 Nc6 3. e4 e6 4. Nf3 Bd6 5. e5 0-0 6. exd6 cxd6 7. Bg5 h6 8. Bf4 d5 9. Bd6 Re8 10. Ne5 Nxe5 11. dxe5 Ne4 12. Nxe4 dxe4 13. Qg4 a6 14. Bc4 b5 15. Be2 Bb7 16. f3 Bd5 17. fxe4 Qa5+ 18. c3 Bc4 19. Bb4 Qc7 20. Bd6 Qa5 21. b4 Qa4 22. Bxc4 bxc4 23. 0-0 Qc2 24. Qf3 Rac8 25. Qxf7+ Kh7 26. Rf3 Rcd8 27. Rg3 Rg8 28. Be7 Ra8 29. Bf6 Raf8 30. Rxg7+ Kh8 31. Rh7# 1-0